Footballers by Career - Manchester United - Statistics

General Stats
  • This quiz has been taken 279 times
  • The average score is 7 of 10
Answer Stats
Player % Correct
Nemanja Vidić
94%
Park Ji-Sung
93%
Javier Hernández
92%
Ruud van Nistelrooy
91%
Fred
87%
Jaap Stam
69%
Andrew Cole
58%
Denis Irwin
49%
Mark Hughes
47%
Andrei Kanchelskis
34%
No matching quizzes found
Score Distribution
Percent of People with Each Score
Percentile by Number Answered
Your Score History
You have not taken this quiz